La publicite

Gespeichert in:
Bibliographische Detailangaben
1. Verfasser: Leduc, Robert
Format: Buch
Sprache:Undetermined
Veröffentlicht: Paris Dunod 1972
Schlagworte:
Tags: Tag hinzufügen
Keine Tags, Fügen Sie den ersten Tag hinzu!
Thư viện lưu trữ: Trung tâm Học liệu Trường Đại học Cần Thơ
LEADER 00438nam a2200181Ia 4500
001 CTU_99225
008 210402s9999 xx 000 0 und d
082 |a 658.8 
082 |b L475 
100 |a Leduc, Robert 
245 0 |a La publicite 
245 0 |c Robert Leduc 
260 |a Paris 
260 |b Dunod 
260 |c 1972 
650 |a Advertising 
904 |i Truc, Q. Hieu 
980 |a Trung tâm Học liệu Trường Đại học Cần Thơ